000 01116cam a22002894a 4500
001 12588321
003 ARRUPE
005 20211026102116.0
008 011113s2002 enk bf 001 0 eng
010 _a 2001058016
020 _a0195130057 (alk. paper)
040 _aDLC
_cDLC
_dDLC
042 _apcc
050 0 0 _aBD161
_b.O96 2002
082 0 0 _a121
_221
245 0 4 _aThe Oxford handbook of epistemology /
_cedited by Paul K. Moser.
260 _aOxford ;
_aNew York :
_bOxford University Press,
_c2002.
300 _ax, 595 p. ;
_c26 cm.
440 0 _aOxford handbooks in philosophy
504 _aIncludes bibliographical references (p. 569-586) and index.
650 0 _aKnowledge, Theory of.
700 1 _aMoser, Paul K.,
_d1957-
_92239
856 4 2 _3Publisher description
_uhttp://www.loc.gov/catdir/enhancements/fy0611/2001058016-d.html
906 _a7
_bcbc
_corignew
_d1
_eocip
_f20
_gy-gencatlg
942 _2lcc
_cMONOGRAPH
999 _c130953
_d130953